000 00654nam a2200253Ia 4500
003 BUBTL
008 151213s9999 xx 000 0 und d
020 _a0335157688
041 _aEnglish
082 _a342.285/ D2811h/ 1993
100 _aDavidson, Scott
_95538
245 _aHuman Rights/
_cScott Davidson
250 _a1st Edn.
260 _aEngland
_bOpen University Press
_cc1993
300 _a[xii], 212p . :
_bill. ; 21 cm.
500 _aIncludes Index.
526 _aLaw
650 _aLaw
650 _a
700 _aScott Davidson
_95539
856 _k0
_l0
_yDownload
942 _2ddc
_cBK
999 _c3181
_d3181